000 00474cam a22001337a 4500
008 180718b2004 xxu||||| |||| 00| 0 eng d
082 _aAPPPA 2003-04 RAT/36
100 _aRathur, S.M.S.
245 _aArmy: measures to make it an attractive career option
_cby S.M.S. Rathur
260 _aNew Delhi
_bIndian Institute of Public Administration
_c2004
300 _a100p.
500 _aAn APPPA M.Phil dissertation, 2003-04 (Guide: Prof. J. Guha Roy)
650 _aArmies - India
999 _c492939
_d492939